00549cam a2200181 a 450000100100000000500170001000800410002704000290006808200200009710000390011724500670015626000330022330000210025649000240027765000200030165000220032183000240034300000886520240305132925.0890327s1988 cu 001 0 spa  aDO-SdBNPbspacLCdBNPHU aCu861.44bF363s1 aFernández, Pablo Armando,d1930-13aEl sueño, la razon (1948-1983) /cPablo Armando Fernández. aLa Habana :bUnión,c1988. a433 p. ;c18 cm.1 aBolsilibros Unión 4aPoesía cubana 4aLiteratura cubana 0aBolsilibros Unión